000 01186cam a2200349Ia 4500
001 94415
005 20230410130429.0
008 020221s1995 sp b 000 0 spa d
035 _a(OCoLC)ocm49053878
040 _aDQ$
_bspa
_cDQ$
_dPL#
_dOCLCQ
_dBNM
_dSPUDB
019 _a34205917
_a629697623
020 _a8420607436
020 _a9788420607436
035 _a(OCoLC)49053878
_z(OCoLC)34205917
_z(OCoLC)629697623
050 1 4 _aPA 3416
_bA634 1995
049 _aGRAL
245 0 0 _aAntología de la literatura griega :
_b(ss. VIII a.C.- IV d.C.) /
_cselec. e introd. Carlos García Gual y Antonio Guzmán Guerra.
260 _aMadrid :
_bAlianza Editorial,
_c1995.
300 _a521 p. ;
_c18 cm.
440 0 _aEl libro de bolsillo.
_pSección: Clásicos ;
_v1743
504 _aBibliografía.
650 4 _aLiteratura griega
_xColecciones de escritos.
653 _aLiteratura griega
_aColecciones de escritos.
650 7 _aLiteratura griega.
_2embne
650 4 _aCES
650 4 _aColección Enriquillo Sánchez
700 1 _aGarcía Gual, Carlos,
_esel.
938 _aPuvill Libros
_bPUVL
_n8420607436
_c$10.32
942 _2lcc
_cbk
994 _aC0
_bDRFGD
946 _aJP
999 _c74350
_d74350